Sports Quiz

Random Sports or WWE Quiz

Shortest WrestleMania Matches Quiz Stats

 Plays Quiz Updated May 29, 2018

Challenge
Share
Tweet
Embed
Score 0/101 Timer 09:00
9 Plays Today
% Correct
The Rock
78.1%
The Rock
77.8%
The Undertaker
73.6%
Kane
71.5%
Kane
71.5%
Kane
71.5%
Kane
71.5%
John Cena
70.1%
Daniel Bryan
68.2%
Daniel Bryan
68.2%
Sheamus
65.6%
Hulk Hogan
65%
Hunter Hearst Helmsley
61.7%
Brock Lesnar
60.4%
Seth Rollins
57.5%
Roman Reigns
57.2%
Goldberg
57.1%
Big Show
56.4%
Big Show
56.4%
Big Show
56.4%
Erick Rowan
55.5%
Dean Ambrose
53.6%
Bret Hart
48.9%
Chavo Guerrero
47.5%
Owen Hart
47.1%
Ultimate Warrior
45.8%
Billy Gunn
45.7%
Billy Gunn
45.7%
Road Dogg
45%
Rey Mysterio
43.5%
Rey Mysterio
43.5%
Animal
42.4%
Hawk
42.4%
Yokozuna
42.1%
% Correct
Bart Gunn
41.3%
The Miz
40.1%
Matt Hardy
39.8%
John Bradshaw Layfield
39.2%
Dolph Ziggler
37.2%
Big E Langston
36.3%
King Kong Bundy
32.3%
King Kong Bundy
32.3%
Nikki Bella
29.6%
Brie Bella
29.6%
AJ Lee
28.7%
Kofi Kingston
28.6%
Santino Marella
28.5%
Paige
27.2%
Jim Neidhart
26%
John Morrison
25.7%
Wade Barrett
25.4%
British Bulldog
24.1%
Special Delivery Jones
23.8%
Heath Slater
23.6%
R-Truth
22.9%
Chyna
22.1%
Butterbean
22.1%
Justin Gabriel
21.4%
Booker T
21.1%
Paul Roma
20.5%
Ezekiel Jackson
20.4%
Hillbilly Jim
20.4%
Ken Shamrock
19.8%
Akebono
19.6%
Lex Luger
18.9%
Haiti Kid
17.7%
Ivory
17.5%
Earthquake
17.2%
% Correct
Torrie Wilson
17.1%
Rikishi
16.7%
Sable
16.4%
Test
15.8%
The Red Rooster
14.9%
The Kat
14.9%
One Man Gang
14.6%
Mr Perfect
14.5%
Hercules
14.4%
Bam Bam Bigelow
13.9%
Nikolai Volkoff
13.7%
Albert
13.5%
Stacy Keibler
13.4%
Little Beaver
13.3%
Melina
12.9%
Boogeyman
12.9%
Adam Bomb
12.6%
Terri Runnels
12.5%
Skinner
12.2%
Bobby Heenan
12%
Scotty 2 Hotty
12%
The Fabulous Moolah
11.9%
Sharmell
11.7%
Lord Littlebrook
11%
Ashley
11%
Little Tokyo
10.9%
Boris Zhukov
10.6%
Velvet McIntyre
10.4%
Eli Blu
10.1%
Jacob Blu
10.1%
Miss Jackie
9.9%
Lance Storm
8.2%
Flash Funk
8.1%

You're not logged in!

Compare scores with friends on all Sporcle quizzes.
Join for Free
OR
Log In

You Might Also Like...

Show Comments

Extras

Top Quizzes Today


Score Distribution

Your Account Isn't Verified!

In order to create a playlist on Sporcle, you need to verify the email address you used during registration. Go to your Sporcle Settings to finish the process.

Report this User

Report this user for behavior that violates our Community Guidelines.

Details: